| 000 | 00619nam a2200193Ia 4500 | ||
|---|---|---|---|
| 001 | 65431 | ||
| 003 | OSt | ||
| 005 | 20150702103721.0 | ||
| 008 | 150403s9999 xx 000 0 und d | ||
| 040 | _cPK-LaUMT | ||
| 082 |
_a 891.4393 _bSUL-S |
||
| 100 | _aSultan Rafi(سلطان رفیع) | ||
| 245 |
_aSamundar pur sakoon he (Urdu)(سمندر پر سکون ہے) _cSultan Rafi(سلطان رفیع) |
||
| 260 |
_aKarachi,Pakistan:(کراچی، پاکستان ) _bMaktabah Danyaal,(مکتبہ دانیال) _c1998 |
||
| 300 | _a360 p. | ||
| 546 | _aUR | ||
| 650 | _aPakistani literature-Urdu fiction | ||
| 942 |
_cBK _2ddc |
||
| 999 |
_c68747 _d68747 |
||